Lịch sử 9
Spremljeno u:
| Format: | Knjiga |
|---|---|
| Jezik: | Undetermined |
| Izdano: |
Hà Nội
Giáo dục
2005
|
| Teme: | |
| Oznake: |
Dodaj oznaku
Bez oznaka, Budi prvi tko označuje ovaj zapis!
|
| Thư viện lưu trữ: | Trung tâm Học liệu Trường Đại học Cần Thơ |
|---|
| LEADER | 00494nam a2200193Ia 4500 | ||
|---|---|---|---|
| 001 | CTU_106798 | ||
| 008 | 210402s9999 xx 000 0 und d | ||
| 020 | |c 8500 | ||
| 082 | |a 907 | ||
| 082 | |b L302/L9 | ||
| 245 | 0 | |a Lịch sử 9 | |
| 245 | 0 | |c Phan Ngọc Liên ... [et al.] | |
| 260 | |a Hà Nội | ||
| 260 | |b Giáo dục | ||
| 260 | |c 2005 | ||
| 650 | |a history | ||
| 650 | |x study and teaching | ||
| 904 | |i Tuyến | ||
| 980 | |a Trung tâm Học liệu Trường Đại học Cần Thơ | ||